Eynak doodi : Through sunglasses /

Through sunglasses is a comedy about how men view women and how women view men. While Mina and Sina are dealing with their own divorce at the registry's office, they encounter an under-age girl (also called Mina) being forced by her father to marry. The older Mina feels compelled to help youn...

Full description

Bibliographic Details
Corporate Authors: Sahara Film (Firm), Golian Tasvir (Firm), Ferdosi Multimedia (Firm), IranianMovies.com (Firm)
Other Authors: Latifi, Mohammed Hossein, Aria, Fatemah Mohammed, Tahmasb, Iraq, Mehrzad, Touran
Format: Video DVD
Language:Persian
Language Notes:In Farsi with English subtitles.
Published: [Place of publication not identified] : [Ladera Ranch, Calif.] : Ferdosi Multimedia ; Iranian Movies, [2002?]
Subjects:

MARC

Tag First Indicator Second Indicator Subfields
LEADER 00000cgm a2200000Ma 4500
001 in00001732521
005 20151024215528.0
007 vd cvaizu
008 030306p20022001ir 093 vlper d
035 |a (OCoLC)ocm51654395 
035 |a 51654395 
040 |a ZCU  |c ZCU  |d TXA  |d UtOrBLW 
041 1 |a per  |j eng 
043 |a a-ir--- 
049 |a TXAM 
090 |a PN1995.9.F67  |b E983 2002 
245 0 0 |a Eynak doodi :  |b Through sunglasses /  |c presented by Sahara Film-Golian Tasvir ; directed by Mohammed Hossein Latifi ; produced by Majid Modarresi. 
246 3 1 |a Through sunglasses 
246 1 |i Title on container:  |a Sun glass 
264 1 |a [Place of publication not identified] :  |b Ferdosi Multimedia ;  |a [Ladera Ranch, Calif.] :  |b Iranian Movies,  |c [2002?] 
300 |a 1 videodisc (93 min.) :  |b sound, color ;  |c 4 3/4 in. 
336 |a two-dimensional moving image  |b tdi  |2 rdacontent 
337 |a video  |b v  |2 rdamedia 
338 |a videodisc  |b vd  |2 rdacarrier 
538 |a DVD. 
546 |a In Farsi with English subtitles. 
511 1 |a Fatemah Mohammed Aria, Iraq Tahmasb, Touran Mehrzad, Azizolah Honaramouz, Faghiheh Soltani, Hassan Shokoohi, Pantea Bahram. 
508 |a Director of photography, Ahmad Masrori ; music, Ali Kohan-Deiri ; editor, Mehdi Rajaiyan ; scriptwriter, Asghar Abdollahi. 
500 |a A foreign film (Iran). 
520 |a Through sunglasses is a comedy about how men view women and how women view men. While Mina and Sina are dealing with their own divorce at the registry's office, they encounter an under-age girl (also called Mina) being forced by her father to marry. The older Mina feels compelled to help young Mina from suicide, which she will commit if she marries. The story quickly evolves into an adventure following the two Minas as they run from men and marriage. 
500 |a Videorecording. 
650 0 |a Women  |z Iran  |x Social conditions  |v Drama. 
650 0 |a Feminism  |z Iran. 
655 0 |a Foreign films. 
655 7 |a Comedy films.  |2 lcgft 
655 7 |a Motion pictures, Iranian. 
655 7 |a Feature films.  |2 lcgft 
700 1 |a Latifi, Mohammed Hossein. 
700 1 |a Aria, Fatemah Mohammed. 
700 1 |a Tahmasb, Iraq. 
700 1 |a Mehrzad, Touran. 
710 2 |a Sahara Film (Firm) 
710 2 |a Golian Tasvir (Firm) 
710 2 |a Ferdosi Multimedia (Firm) 
710 2 |a IranianMovies.com (Firm) 
948 |a cataloged  |b h  |c 2003/4/14  |d c  |e mphillip  |f 10:31:31 am 
994 |a E0  |b TXA 
999 |a MARS 
999 f f |s 9462346f-8083-33b6-b684-0a8dedfc6dea  |i c8cf4fe2-11ee-349a-8517-95b4c1998ee5  |t 0 
952 f f |p dvd  |a Texas A&M University  |b College Station  |c Sterling C. Evans Library  |d Evans: Media and Reserves (Annex 1st floor)  |t 0  |e PN1995.9.F67 E983 2002  |h Library of Congress classification  |i video -- videodisc  |m A14830791808 
998 f f |a PN1995.9.F67 E983 2002  |t 0  |l Evans: Media and Reserves (Annex 1st floor)